00250nam a2200085 4500082001700000100001700017245007600034260003200110300002200142 aMSITE-01 KOM aKomal Farooq aEducating the-service teachers of educators as reflective practitioners aIslamabadbNUST-SEECSc2017 a92p.eCD includes